LEADER 01053nam a2200217 i 4500 001 000000180590 003 CaOOAMICUS 005 20090715000000.0 008 090715s1904 it u000 u ita u 013 $a158270 040 $aSeMil$bita 100 1 $aBerthelet, Giovanni.$0(OLS)http://semarc/name/41865 245 10$aStoria e rivelazioni del Conclave del 1903 :$belezione di Pio 10. /$cGiovanni Berthelet. 260 $aRoma ; Torino :$bRoux e Viarengo,$c1904. 300 $aVIII, 301 p. :$bill. ;$c23 cm. 500 $aContiene : Profili biografici dei cardinali che hanno preso parte al Conclave. - In copertina : Con i ritratti dei Cardinali intervenuti al Conclave. 600 04$aPio X .$0(OLS)http://semarc/subject/2400 850 $aSeMil 852 $aSeMil$W1$xVenegono$y1$m3C IV 27$j131338$B131338$CSeMilBibl$Z2$F143194 $81 996 $6245$aStoria e rivelazioni del Conclave del 1903 :$belezione di Pio 10.$9(OLS)http://semarc/title/259313 996 $6260$aRoma ; Torino :$bRoux e Viarengo$9(OLS)http://semarc/publisher/33564 LEADER 01145nam a2200253 i 4500 001 000000195483 003 CaOOAMICUS 005 20140414000000.0 008 140414s1944 it u000 u ita u 013 $a174160 040 $aSeMil$bita 100 1 $aSales, Lorenzo,$c.$0(OLS)http://semarc/name/15041 245 13$aIl servo di Dio canonico Giuseppe Allamano :$bfondatore delle Missioni della Consolata /$cLorenzo Sales. 250 $a3. ed. riveduta e corretta. 260 $aTorino :$bIstituto Missioni Consolata,$cimprim. 1944. 300 $aVIII, 524 p., [9] c. di tav. :$bill. ;$c23 cm. 500 $aFondo card. Giovanni Colombo. 600 14$aAllamano, Giuseppe .$0(OLS)http://semarc/subject/9763 850 $aSeMil 852 $aSeMil$W1$xVenegono$y1$m3GC III 29$j146052$B146052$CSeMilBibl$Z2$F157555 $8B 941 1 $a3 961 $aLascito: Colombo Card. Giovanni 996 $6245$aIl servo di Dio canonico Giuseppe Allamano :$bfondatore delle Missioni della Consolata$9(OLS)http://semarc/title/282065 996 $6260$aTorino :$bIstituto Missioni Consolata$9(OLS)http://semarc/publisher/39362